[Event "Girls U12 Polish Youth Championship"]
[Site "chess24.com"]
[Date "2018.05.02"]
[Round "5"]
[White "Szymajda, Karolina"]
[Black "Arciszewska, Zuzanna"]
[Result "1/2-1/2"]
[Board "13"]
[WhiteElo "1215"]
[WhiteCountry "POL"]
[WhiteFideId "21836566"]
[WhiteEloChange "2"]
[BlackElo "1302"]
[BlackCountry "POL"]
[BlackFideId "21816549"]
[BlackEloChange "-2"]

1. e4 {[%clk 1:30:55]} e5 {[%clk 1:30:39]} 2. Nf3 {[%clk 1:31:16]} Nc6 {[%clk
1:30:37]} 3. Bb5 {[%clk 1:31:41]} a6 {[%clk 1:30:45]} 4. Ba4 {[%clk 1:32:01]} Nf6
{[%clk 1:30:41]} 5. O-O {[%clk 1:32:05]} b5 {[%clk 1:30:15]} 6. Bb3 {[%clk
1:32:21]} Be7 {[%clk 1:29:22]} 7. Re1 {[%clk 1:32:09]} O-O {[%clk 1:28:17]} 8.
Bd5 {[%clk 1:25:42]} Bd6 {[%clk 1:25:57]} 9. d4 {[%clk 1:24:44]} Qe7 {[%clk
1:23:28]} 10. Bg5 {[%clk 1:13:58]} Rb8 {[%clk 1:18:40]} 11. c3 {[%clk 1:00:44]}
Na5 {[%clk 1:05:17]} 12. b4 {[%clk 0:53:41]} Nc6 {[%clk 1:01:26]} 13. Nbd2 {[%clk
0:52:35]} Qe8 {[%clk 0:50:26]} 14. Bxf6 {[%clk 0:51:37]} gxf6 {[%clk 0:50:39]}
15. Bxc6 {[%clk 0:42:45]} dxc6 {[%clk 0:50:21]} 16. Nh4 {[%clk 0:39:38]} Kh8
{[%clk 0:50:18]} 17. Qf3 {[%clk 0:36:52]} Qe7 {[%clk 0:46:52]} 18. Nf5 {[%clk
0:29:24]} Bxf5 {[%clk 0:46:31]} 19. exf5 {[%clk 0:29:06]} Qd7 {[%clk 0:43:02]}
20. dxe5 {[%clk 0:28:52]} Bxe5 {[%clk 0:42:52]} 21. Rad1 {[%clk 0:28:45]} Qd5
{[%clk 0:39:57]} 22. Qxd5 {[%clk 0:24:34]} cxd5 {[%clk 0:40:14]} 23. Re3 {[%clk
0:23:29]} c6 {[%clk 0:34:03]} 24. Nf3 {[%clk 0:23:00]} Bd6 {[%clk 0:33:01]} 25.
Ra1 {[%clk 0:21:01]} Rfe8 {[%clk 0:29:43]} 26. Rxe8+ {[%clk 0:21:06]} Rxe8 {[%clk
0:29:55]} 27. a4 {[%clk 0:20:58]} Be5 {[%clk 0:27:28]} 28. Nxe5 {[%clk 0:21:09]}
Rxe5 {[%clk 0:27:44]} 29. axb5 {[%clk 0:21:05]} axb5 {[%clk 0:28:04]} 30. g4
{[%clk 0:21:07]} Re4 {[%clk 0:28:19]} 31. h3 {[%clk 0:20:14]} Rc4 {[%clk
0:27:04]} 32. Ra3 {[%clk 0:20:23]} Kg7 {[%clk 0:26:57]} 33. Kg2 {[%clk 0:20:15]}
d4 {[%clk 0:10:37]} 34. cxd4 {[%clk 0:19:42]} Rxd4 {[%clk 0:10:55]} 35. Rc3
{[%clk 0:19:05]} Rxb4 {[%clk 0:11:01]} 36. Rxc6 {[%clk 0:19:26]} Rb1 {[%clk
0:11:51]} 37. Rb6 {[%clk 0:19:20]} b4 {[%clk 0:12:15]} 38. Rb5 {[%clk 0:19:29]}
b3 {[%clk 0:12:06]} 39. Rb4 {[%clk 0:08:07]} b2 {[%clk 0:12:19]} 40. Rb3 {[%clk
0:06:35]} Kh6 {[%clk 0:12:44]} 41. h4 {[%clk 0:06:35]} Kg7 {[%clk 0:13:08]} 42.
Kf3 {[%clk 0:07:00]} h5 {[%clk 0:13:33]} 43. g5 {[%clk 0:07:24]} fxg5 {[%clk
0:13:33]} 44. hxg5 {[%clk 0:07:49]} h4 {[%clk 0:13:57]} 45. Kg2 {[%clk 0:07:49]}
1/2-1/2

[Event "Girls U12 Polish Youth Championship"]
[Site "chess24.com"]
[Date "2018.05.02"]
[Round "5"]
[White "Bukala, Weronika"]
[Black "Wichura, Sara"]
[Result "0-1"]
[Board "14"]
[WhiteElo "1255"]
[WhiteCountry "POL"]
[WhiteFideId "21859515"]
[WhiteEloChange "-12"]
[BlackElo "1179"]
[BlackCountry "POL"]
[BlackFideId "21816670"]
[BlackEloChange "12"]

1. e4 {[%clk 1:30:35]} c5 {[%clk 1:30:56]} 2. Nf3 {[%clk 1:30:23]} Nc6 {[%clk
1:31:04]} 3. d4 {[%clk 1:29:19]} cxd4 {[%clk 1:31:16]} 4. Nxd4 {[%clk 1:28:29]}
Nf6 {[%clk 1:31:01]} 5. Nc3 {[%clk 1:27:43]} d6 {[%clk 1:30:58]} 6. f3 {[%clk
1:26:40]} e6 {[%clk 1:29:44]} 7. Be3 {[%clk 1:24:18]} a6 {[%clk 1:28:21]} 8. Qd2
{[%clk 1:22:46]} d5 {[%clk 1:13:01]} 9. exd5 {[%clk 0:51:14]} Nxd5 {[%clk
1:12:16]} 10. O-O-O {[%clk 0:47:39]} Nxc3 {[%clk 1:12:05]} 11. Qxc3 {[%clk
0:45:37]} Nxd4 {[%clk 1:02:55]} 12. Rxd4 {[%clk 0:40:57]} Qf6 {[%clk 0:41:41]}
13. Bxa6 {[%clk 0:27:20]} Be7 {[%clk 0:35:43]} 14. Bb5+ {[%clk 0:25:38]} Kf8
{[%clk 0:35:59]} 15. Rc4 {[%clk 0:25:27]} Qxc3 {[%clk 0:35:10]} 16. Rxc3 {[%clk
0:25:20]} Bf6 {[%clk 0:35:28]} 17. Bc5+ {[%clk 0:24:29]} Kg8 {[%clk 0:34:48]} 18.
Ra3 {[%clk 0:24:05]} Rxa3 {[%clk 0:33:32]} 19. Bxa3 {[%clk 0:24:23]} g6 {[%clk
0:33:58]} 20. Rd1 {[%clk 0:24:00]} Kg7 {[%clk 0:34:14]} 21. Bc5 {[%clk 0:22:36]}
g5 {[%clk 0:31:46]} 22. Bb6 {[%clk 0:22:04]} h5 {[%clk 0:31:42]} 23. Bd7 {[%clk
0:21:15]} g4 {[%clk 0:31:24]} 24. f4 {[%clk 0:19:41]} h4 {[%clk 0:31:32]} 25.
Bxc8 {[%clk 0:19:24]} Rxc8 {[%clk 0:31:50]} 26. Bd4 {[%clk 0:19:33]} Rc4 {[%clk
0:30:22]} 27. Bxf6+ {[%clk 0:19:03]} Kxf6 {[%clk 0:30:41]} 28. g3 {[%clk
0:19:21]} hxg3 {[%clk 0:29:41]} 29. hxg3 {[%clk 0:19:27]} e5 {[%clk 0:29:42]} 30.
fxe5+ {[%clk 0:18:09]} Kxe5 {[%clk 0:30:06]} 31. Rf1 {[%clk 0:16:33]} f5 {[%clk
0:28:55]} 32. Rf2 {[%clk 0:05:25]} f4 {[%clk 0:28:43]} 33. b3 {[%clk 0:05:22]}
fxg3 {[%clk 0:28:02]} 34. Rg2 {[%clk 0:04:42]} Rc3 {[%clk 0:28:09]} 35. Kd2
{[%clk 0:03:17]} Rf3 {[%clk 0:28:11]} 36. Ke1 {[%clk 0:03:00]} Kf4 {[%clk
0:28:12]} 37. a4 {[%clk 0:01:51]} Re3+ {[%clk 0:27:51]} 38. Kd1 {[%clk 0:01:11]}
Kf3 {[%clk 0:28:08]} 39. Rd2 {[%clk 0:00:46]} g2 {[%clk 0:28:21]} 40. Rxg2 {[%clk
0:00:49]} Kxg2 {[%clk 0:28:44]} 41. Kd2 {[%clk 0:01:09]} Kf2 {[%clk 0:29:07]} 42.
b4 {[%clk 0:01:20]} g3 {[%clk 0:29:33]} 43. b5 {[%clk 0:01:41]} g2 {[%clk
0:29:51]} 44. a5 {[%clk 0:02:06]} g1Q {[%clk 0:30:13]} 45. a6 {[%clk 0:02:29]}
Qe1# {[%clk 0:30:35]} 0-1

[Event "Girls U12 Polish Youth Championship"]
[Site "chess24.com"]
[Date "2018.05.02"]
[Round "5"]
[White "Kucharska, Helena"]
[Black "Miranowska, Anna"]
[Result "1/2-1/2"]
[Board "15"]
[WhiteElo "1247"]
[WhiteCountry "POL"]
[WhiteFideId "1195760"]
[WhiteEloChange "-3"]
[BlackElo "1146"]
[BlackCountry "POL"]
[BlackFideId "21847274"]
[BlackEloChange "3"]

1. e4 {[%clk 1:30:56]} c6 {[%clk 1:30:58]} 2. d4 {[%clk 1:31:17]} d5 {[%clk
1:31:25]} 3. e5 {[%clk 1:31:35]} Bf5 {[%clk 1:31:49]} 4. h4 {[%clk 1:31:50]} h5
{[%clk 1:32:15]} 5. Ne2 {[%clk 1:32:09]} e6 {[%clk 1:32:24]} 6. Ng3 {[%clk
1:32:32]} Bg6 {[%clk 1:32:33]} 7. Be2 {[%clk 1:32:41]} c5 {[%clk 1:32:07]} 8. c3
{[%clk 1:32:50]} Nc6 {[%clk 1:32:06]} 9. Be3 {[%clk 1:32:29]} cxd4 {[%clk
1:29:36]} 10. cxd4 {[%clk 1:32:28]} Qb6 {[%clk 1:25:56]} 11. Qb3 {[%clk 1:32:43]}
Qxb3 {[%clk 1:17:21]} 12. axb3 {[%clk 1:32:48]} Bb4+ {[%clk 1:16:02]} 13. Nc3
{[%clk 1:32:15]} Nge7 {[%clk 1:15:38]} 14. O-O {[%clk 1:30:44]} O-O {[%clk
1:15:29]} 15. Rfd1 {[%clk 1:24:38]} Bc2 {[%clk 1:03:42]} 16. Rdc1 {[%clk
1:22:21]} Bxb3 {[%clk 1:03:41]} 17. Bxh5 {[%clk 1:21:30]} Bc4 {[%clk 0:57:56]}
18. Be2 {[%clk 1:21:23]} Bxe2 {[%clk 0:55:45]} 19. Ngxe2 {[%clk 1:20:41]} Nf5
{[%clk 0:54:32]} 20. g3 {[%clk 1:20:54]} Ba5 {[%clk 0:46:00]} 21. Na4 {[%clk
1:06:27]} Nxe3 {[%clk 0:44:00]} 22. fxe3 {[%clk 1:05:59]} Bd2 {[%clk 0:43:58]}
23. Rd1 {[%clk 1:06:16]} Bxe3+ {[%clk 0:44:16]} 24. Kg2 {[%clk 1:06:36]} Rac8
{[%clk 0:38:24]} 25. g4 {[%clk 1:00:00]} f6 {[%clk 0:32:04]} 26. Ra3 {[%clk
0:53:16]} Bh6 {[%clk 0:30:46]} 27. exf6 {[%clk 0:52:33]} gxf6 {[%clk 0:30:24]}
28. Nc5 {[%clk 0:51:01]} Nd8 {[%clk 0:20:21]} 29. Rxa7 {[%clk 0:48:45]} b6 {[%clk
0:19:57]} 30. Nd3 {[%clk 0:48:33]} Rc2 {[%clk 0:18:47]} 31. Kf1 {[%clk 0:47:26]}
Nc6 {[%clk 0:14:28]} 32. Ra6 {[%clk 0:45:32]} Rb8 {[%clk 0:11:58]} 33. b4 {[%clk
0:35:33]} Be3 {[%clk 0:08:29]} 34. b5 {[%clk 0:30:20]} Nxd4 {[%clk 0:07:08]} 35.
Nxd4 {[%clk 0:30:24]} Bxd4 {[%clk 0:07:32]} 36. Nb4 {[%clk 0:28:31]} Rf2+ {[%clk
0:06:42]} 37. Ke1 {[%clk 0:28:43]} Rf4 {[%clk 0:06:54]} 38. Nc6 {[%clk 0:27:57]}
Bc3+ {[%clk 0:05:39]} 39. Ke2 {[%clk 0:28:11]} Rb7 {[%clk 0:05:19]} 40. Ra8+
{[%clk 0:27:33]} Kg7 {[%clk 0:05:21]} 41. Rg1 {[%clk 0:22:15]} Bd4 {[%clk
0:03:04]} 42. Rg2 {[%clk 0:21:36]} Bc5 {[%clk 0:02:37]} 43. h5 {[%clk 0:16:02]}
Re4+ {[%clk 0:01:50]} 44. Kd1 {[%clk 0:13:59]} Kh6 {[%clk 0:00:41]} 45. Rg8
{[%clk 0:06:01]} Rg7 {[%clk 0:00:48]} 46. Rh8+ {[%clk 0:04:22]} Rh7 {[%clk
0:01:13]} 47. Rg8 {[%clk 0:01:43]} Rg7 {[%clk 0:01:26]} 48. Rh8+ {[%clk 0:00:50]}
Rh7 {[%clk 0:01:30]} 49. Rg8 {[%clk 0:00:38]} Rg7 {[%clk 0:01:18]} 50. Rh8+
{[%clk 0:00:33]} Rh7 {[%clk 0:01:12]} 51. Re8 {[%clk 0:00:54]} Rg7 {[%clk
0:01:04]} 52. Rh8+ {[%clk 0:00:33]} Rh7 {[%clk 0:01:30]} 53. Re8 {[%clk 0:00:35]}
Rg7 {[%clk 0:01:55]} 54. Rh8+ {[%clk 0:00:32]} Rh7 {[%clk 0:02:20]} 1/2-1/2

[Event "Girls U12 Polish Youth Championship"]
[Site "chess24.com"]
[Date "2018.05.02"]
[Round "5"]
[White "Giemza, Julia"]
[Black "Mazurek, Maja"]
[Result "0-1"]
[Board "16"]
[WhiteElo "1195"]
[WhiteCountry "POL"]
[WhiteFideId "21872112"]
[WhiteEloChange "-9"]
[BlackElo "1233"]
[BlackCountry "POL"]
[BlackFideId "21836426"]
[BlackEloChange "9"]

1. e4 {[%clk 1:30:58]} c6 {[%clk 1:28:36]} 2. Nf3 {[%clk 1:30:38]} d5 {[%clk
1:28:49]} 3. Nc3 {[%clk 1:29:45]} Bg4 {[%clk 1:25:18]} 4. h3 {[%clk 1:23:58]} Bh5
{[%clk 1:24:06]} 5. exd5 {[%clk 1:20:28]} cxd5 {[%clk 1:23:56]} 6. Bb5+ {[%clk
1:19:16]} Nc6 {[%clk 1:23:21]} 7. d4 {[%clk 1:19:05]} Nf6 {[%clk 1:22:02]} 8. Bf4
{[%clk 1:17:31]} e6 {[%clk 1:19:45]} 9. Qd3 {[%clk 1:14:18]} Bxf3 {[%clk
1:16:19]} 10. Qxf3 {[%clk 1:14:28]} Bb4 {[%clk 1:16:18]} 11. O-O {[%clk 1:13:33]}
O-O {[%clk 1:15:06]} 12. Bxc6 {[%clk 1:13:13]} bxc6 {[%clk 1:15:00]} 13. a3
{[%clk 1:12:08]} Ba5 {[%clk 1:12:27]} 14. Bg5 {[%clk 1:06:50]} Bxc3 {[%clk
1:03:38]} 15. Bxf6 {[%clk 1:02:52]} Qxf6 {[%clk 1:03:09]} 16. Qxc3 {[%clk
1:01:41]} Rac8 {[%clk 1:02:39]} 17. Rfd1 {[%clk 1:01:00]} c5 {[%clk 1:02:12]} 18.
Rac1 {[%clk 0:58:51]} Rc7 {[%clk 0:59:53]} 19. b4 {[%clk 0:54:03]} Rfc8 {[%clk
0:59:52]} 20. bxc5 {[%clk 0:49:07]} Rxc5 {[%clk 0:58:40]} 21. Qb4 {[%clk
0:43:04]} Rc4 {[%clk 0:55:54]} 22. Qb7 {[%clk 0:42:53]} h6 {[%clk 0:52:55]} 23.
Qxa7 {[%clk 0:36:43]} Rxc2 {[%clk 0:51:50]} 24. Rxc2 {[%clk 0:36:17]} Rxc2 {[%clk
0:52:01]} 25. Rf1 {[%clk 0:36:21]} Rd2 {[%clk 0:51:52]} 26. a4 {[%clk 0:36:03]}
Qxd4 {[%clk 0:51:06]} 27. Qd7 {[%clk 0:35:04]} g6 {[%clk 0:47:27]} 28. a5 {[%clk
0:33:38]} Ra2 {[%clk 0:47:30]} 29. a6 {[%clk 0:32:10]} Qb6 {[%clk 0:47:36]} 30.
Qc8+ {[%clk 0:24:12]} Kg7 {[%clk 0:44:32]} 31. Qc3+ {[%clk 0:23:04]} d4 {[%clk
0:43:30]} 32. Qd3 {[%clk 0:22:44]} e5 {[%clk 0:42:44]} 33. Re1 {[%clk 0:21:27]}
Qd6 {[%clk 0:34:08]} 34. Qg3 {[%clk 0:17:28]} f6 {[%clk 0:24:35]} 35. Qf3 {[%clk
0:12:22]} Qxa6 {[%clk 0:22:30]} 36. Qd5 {[%clk 0:10:49]} Qa7 {[%clk 0:21:11]} 37.
Rb1 {[%clk 0:09:29]} Ra1 {[%clk 0:19:22]} 38. Rxa1 {[%clk 0:05:59]} Qxa1+ {[%clk
0:19:28]} 39. Kh2 {[%clk 0:05:53]} Qa7 {[%clk 0:18:58]} 40. g4 {[%clk 0:05:39]}
Qc7 {[%clk 0:17:16]} 41. Kg2 {[%clk 0:04:31]} Qf7 {[%clk 0:16:51]} 42. Qd6 {[%clk
0:04:30]} h5 {[%clk 0:16:08]} 43. g5 {[%clk 0:03:34]} h4 {[%clk 0:13:24]} 44. Qc5
{[%clk 0:02:13]} Qb7+ {[%clk 0:13:10]} 45. Kg1 {[%clk 0:02:05]} Qb1+ {[%clk
0:12:54]} 46. Kg2 {[%clk 0:02:13]} Qe4+ {[%clk 0:12:45]} 47. Kg1 {[%clk 0:02:09]}
Qb7 {[%clk 0:09:45]} 48. Qd6 {[%clk 0:01:53]} Qf7 {[%clk 0:09:31]} 49. Qc5 {[%clk
0:01:48]} Qd7 {[%clk 0:09:27]} 50. Kg2 {[%clk 0:01:23]} d3 {[%clk 0:09:21]} 51.
Qc1 {[%clk 0:01:04]} d2 {[%clk 0:09:10]} 52. Qd1 {[%clk 0:01:06]} f5 {[%clk
0:08:49]} 53. Kf3 {[%clk 0:01:15]} Qd3+ {[%clk 0:09:05]} 54. Kg2 {[%clk 0:01:20]}
Kh7 {[%clk 0:08:56]} 55. f3 {[%clk 0:01:16]} e4 {[%clk 0:09:00]} 56. fxe4 {[%clk
0:01:15]} fxe4 {[%clk 0:09:24]} 0-1

[Event "Girls U12 Polish Youth Championship"]
[Site "chess24.com"]
[Date "2018.05.02"]
[Round "5"]
[White "Janikowska, Wiktoria"]
[Black "Maslewska, Anna"]
[Result "1/2-1/2"]
[Board "17"]
[WhiteElo "1369"]
[WhiteCountry "POL"]
[WhiteFideId "21836388"]
[WhiteEloChange "-6"]
[BlackElo "1124"]
[BlackCountry "POL"]
[BlackFideId "21839581"]
[BlackEloChange "6"]

1. e4 {[%clk 1:30:57]} e5 {[%clk 1:30:53]} 2. Nf3 {[%clk 1:31:21]} Nc6 {[%clk
1:31:11]} 3. d4 {[%clk 1:31:43]} exd4 {[%clk 1:31:20]} 4. Nxd4 {[%clk 1:32:03]}
Nf6 {[%clk 1:30:22]} 5. Nc3 {[%clk 1:32:07]} Bb4 {[%clk 1:30:25]} 6. Nxc6 {[%clk
1:32:25]} bxc6 {[%clk 1:30:31]} 7. Bd3 {[%clk 1:32:35]} h6 {[%clk 1:29:51]} 8. a3
{[%clk 1:32:11]} Bxc3+ {[%clk 1:30:03]} 9. bxc3 {[%clk 1:32:33]} Rb8 {[%clk
1:29:30]} 10. O-O {[%clk 1:31:40]} O-O {[%clk 1:29:31]} 11. Be3 {[%clk 1:30:46]}
a5 {[%clk 1:29:23]} 12. Rb1 {[%clk 1:27:34]} Rxb1 {[%clk 1:28:48]} 13. Qxb1
{[%clk 1:27:56]} d5 {[%clk 1:28:10]} 14. e5 {[%clk 1:19:16]} Nd7 {[%clk 1:25:43]}
15. f4 {[%clk 1:18:03]} Qe7 {[%clk 1:25:03]} 16. c4 {[%clk 0:54:07]} dxc4 {[%clk
1:05:51]} 17. Bxc4 {[%clk 0:54:27]} Qxa3 {[%clk 1:05:30]} 18. Qb3 {[%clk
0:54:21]} Qb4 {[%clk 1:03:23]} 19. Qxb4 {[%clk 0:51:06]} axb4 {[%clk 1:03:41]}
20. Rb1 {[%clk 0:51:27]} c5 {[%clk 1:03:47]} 21. e6 {[%clk 0:51:32]} fxe6 {[%clk
1:02:50]} 22. Bxe6+ {[%clk 0:51:48]} Kh8 {[%clk 1:03:08]} 23. Bxd7 {[%clk
0:51:20]} Bxd7 {[%clk 1:03:29]} 24. Bxc5 {[%clk 0:51:26]} Rxf4 {[%clk 1:03:35]}
25. Rxb4 {[%clk 0:51:28]} Rxb4 {[%clk 0:59:31]} 26. Bxb4 {[%clk 0:51:52]} Kg8
{[%clk 0:59:45]} 27. Kf2 {[%clk 0:50:29]} Kf7 {[%clk 0:56:55]} 28. Ke3 {[%clk
0:49:14]} g6 {[%clk 0:56:28]} 29. Ba5 {[%clk 0:48:08]} c6 {[%clk 0:56:30]} 30.
Kd4 {[%clk 0:46:35]} Be6 {[%clk 0:56:46]} 31. c4 {[%clk 0:45:40]} Bd7 {[%clk
0:54:46]} 32. Bd2 {[%clk 0:45:39]} h5 {[%clk 0:54:50]} 33. Ke5 {[%clk 0:44:01]}
Be6 {[%clk 0:54:19]} 34. c5 {[%clk 0:43:22]} Bd5 {[%clk 0:54:30]} 35. g3 {[%clk
0:43:27]} Bg2 {[%clk 0:52:37]} 36. Bg5 {[%clk 0:43:11]} Bd5 {[%clk 0:52:32]} 37.
Kd6 {[%clk 0:42:31]} 1/2-1/2

[Event "Girls U12 Polish Youth Championship"]
[Site "chess24.com"]
[Date "2018.05.02"]
[Round "5"]
[White "Walendykiewicz, Martyna"]
[Black "Palejko, Maria"]
[Result "0-1"]
[Board "18"]
[WhiteElo "1071"]
[WhiteCountry "POL"]
[WhiteFideId "21832927"]
[WhiteEloChange "-4"]
[BlackElo "1294"]
[BlackCountry "POL"]
[BlackFideId "21838208"]
[BlackEloChange "4"]

1. e4 {[%clk 1:30:59]} c5 {[%clk 1:30:54]} 2. Nf3 {[%clk 1:31:21]} e6 {[%clk
1:31:18]} 3. d4 {[%clk 1:31:48]} cxd4 {[%clk 1:31:42]} 4. Nxd4 {[%clk 1:32:10]}
Nc6 {[%clk 1:32:03]} 5. Nc3 {[%clk 1:32:33]} Qc7 {[%clk 1:32:25]} 6. Be3 {[%clk
1:32:49]} a6 {[%clk 1:32:48]} 7. a3 {[%clk 1:32:37]} Nf6 {[%clk 1:32:24]} 8. Be2
{[%clk 1:31:41]} b5 {[%clk 1:32:34]} 9. O-O {[%clk 1:31:06]} Bb7 {[%clk 1:32:39]}
10. Bf3 {[%clk 1:31:22]} Be7 {[%clk 1:31:00]} 11. Re1 {[%clk 1:30:16]} h6 {[%clk
1:27:12]} 12. Nxc6 {[%clk 1:21:34]} dxc6 {[%clk 1:24:28]} 13. Qe2 {[%clk
1:17:20]} O-O {[%clk 1:19:00]} 14. Rad1 {[%clk 1:15:38]} Rfd8 {[%clk 1:15:18]}
15. Rxd8+ {[%clk 1:08:25]} Rxd8 {[%clk 1:11:18]} 16. Rd1 {[%clk 1:07:15]} a5
{[%clk 1:04:22]} 17. Rxd8+ {[%clk 1:07:04]} Bxd8 {[%clk 1:03:34]} 18. b4 {[%clk
1:01:48]} Be7 {[%clk 0:54:35]} 19. Na2 {[%clk 0:59:41]} Qe5 {[%clk 0:45:16]} 20.
Bc1 {[%clk 0:53:22]} Bd6 {[%clk 0:38:23]} 21. g3 {[%clk 0:52:43]} Qa1 {[%clk
0:36:54]} 22. c3 {[%clk 0:52:40]} axb4 {[%clk 0:35:15]} 23. axb4 {[%clk 0:52:28]}
Be5 {[%clk 0:33:48]} 24. Qb2 {[%clk 0:51:39]} Qxb2 {[%clk 0:33:50]} 25. Bxb2
{[%clk 0:52:04]} g5 {[%clk 0:33:10]} 26. h3 {[%clk 0:48:10]} h5 {[%clk 0:31:03]}
27. Bc1 {[%clk 0:47:26]} g4 {[%clk 0:31:17]} 28. hxg4 {[%clk 0:47:44]} hxg4
{[%clk 0:31:34]} 29. Bg2 {[%clk 0:48:09]} Kg7 {[%clk 0:31:37]} 30. Bf4 {[%clk
0:47:11]} Bxf4 {[%clk 0:31:03]} 31. gxf4 {[%clk 0:47:37]} Nh5 {[%clk 0:31:01]}
32. f5 {[%clk 0:47:57]} exf5 {[%clk 0:30:09]} 33. exf5 {[%clk 0:48:24]} Nf4
{[%clk 0:30:02]} 34. Be4 {[%clk 0:46:25]} Kf6 {[%clk 0:30:10]} 35. Kh2 {[%clk
0:46:04]} Ke5 {[%clk 0:29:38]} 36. Bb1 {[%clk 0:46:12]} Bc8 {[%clk 0:29:17]} 37.
f6 {[%clk 0:44:56]} Kxf6 {[%clk 0:29:02]} 38. Be4 {[%clk 0:45:18]} Bb7 {[%clk
0:28:54]} 39. Kg3 {[%clk 0:45:29]} Ke5 {[%clk 0:27:50]} 40. Bb1 {[%clk 0:45:41]}
Bc8 {[%clk 0:27:32]} 41. Bc2 {[%clk 0:44:16]} Ne2+ {[%clk 0:26:56]} 42. Kg2
{[%clk 0:44:14]} Be6 {[%clk 0:26:25]} 43. Kf1 {[%clk 0:43:59]} Bc4 {[%clk
0:25:05]} 44. Ke1 {[%clk 0:44:22]} f5 {[%clk 0:24:50]} 45. Kd2 {[%clk 0:42:55]}
Bxa2 {[%clk 0:24:22]} 46. Kxe2 {[%clk 0:43:21]} Bd5 {[%clk 0:24:39]} 47. Ke3
{[%clk 0:42:20]} f4+ {[%clk 0:24:29]} 48. Ke2 {[%clk 0:42:39]} Bc4+ {[%clk
0:20:32]} 49. Kd2 {[%clk 0:40:53]} g3 {[%clk 0:18:56]} 50. fxg3 {[%clk 0:41:11]}
fxg3 {[%clk 0:19:12]} 51. Ke3 {[%clk 0:41:34]} Bd5 {[%clk 0:17:42]} 52. Bb1
{[%clk 0:41:14]} g2 {[%clk 0:17:38]} 53. Kf2 {[%clk 0:41:38]} Kf4 {[%clk
0:17:32]} 54. Bc2 {[%clk 0:40:03]} g1Q+ {[%clk 0:15:20]} 55. Kxg1 {[%clk
0:40:29]} Ke3 {[%clk 0:15:38]} 56. Kf1 {[%clk 0:40:26]} Kd2 {[%clk 0:15:57]} 57.
Bf5 {[%clk 0:40:53]} Kxc3 {[%clk 0:16:12]} 58. Ke2 {[%clk 0:41:19]} Kxb4 {[%clk
0:16:18]} 59. Kd2 {[%clk 0:41:44]} Kb3 {[%clk 0:16:06]} 60. Bc2+ {[%clk 0:42:07]}
Kb2 {[%clk 0:16:14]} 61. Bd1 {[%clk 0:42:16]} c5 {[%clk 0:15:53]} 62. Be2 {[%clk
0:42:02]} Bc4 {[%clk 0:15:33]} 63. Bd1 {[%clk 0:42:21]} b4 {[%clk 0:15:41]} 64.
Bc2 {[%clk 0:42:03]} Bb3 {[%clk 0:15:42]} 65. Be4 {[%clk 0:42:10]} c4 {[%clk
0:15:41]} 66. Bf5 {[%clk 0:41:07]} c3+ {[%clk 0:15:48]} 67. Ke1 {[%clk 0:41:25]}
c2 {[%clk 0:15:31]} 68. Bxc2 {[%clk 0:41:38]} Kxc2 {[%clk 0:15:50]} 69. Ke2
{[%clk 0:42:04]} Bc4+ {[%clk 0:16:14]} 70. Ke3 {[%clk 0:42:31]} b3 {[%clk
0:16:33]} 71. Kd4 {[%clk 0:42:59]} b2 {[%clk 0:16:50]} 72. Kxc4 {[%clk 0:43:25]}
b1Q {[%clk 0:17:09]} 0-1

[Event "Girls U12 Polish Youth Championship"]
[Site "chess24.com"]
[Date "2018.05.02"]
[Round "5"]
[White "Szewczuk, Aleksandra"]
[Black "Kowalczyk, Barbara"]
[Result "0-1"]
[Board "19"]
[WhiteElo "1178"]
[WhiteCountry "POL"]
[WhiteFideId "21861625"]
[WhiteEloChange "-8"]
[BlackElo "1261"]
[BlackCountry "POL"]
[BlackFideId "21837317"]
[BlackEloChange "8"]

1. e4 {[%clk 1:30:54]} e5 {[%clk 1:30:51]} 2. Nf3 {[%clk 1:30:56]} Nc6 {[%clk
1:31:00]} 3. Bb5 {[%clk 1:30:50]} a6 {[%clk 1:30:53]} 4. Ba4 {[%clk 1:30:47]} Nf6
{[%clk 1:30:57]} 5. d3 {[%clk 1:30:35]} Be7 {[%clk 1:31:14]} 6. Bxc6 {[%clk
1:30:18]} dxc6 {[%clk 1:30:37]} 7. Nxe5 {[%clk 1:29:48]} Qd6 {[%clk 1:29:05]} 8.
Nf3 {[%clk 1:28:38]} Bg4 {[%clk 1:28:16]} 9. h3 {[%clk 1:27:03]} Bxf3 {[%clk
1:26:52]} 10. Qxf3 {[%clk 1:26:47]} O-O-O {[%clk 1:25:47]} 11. O-O {[%clk
1:26:06]} g6 {[%clk 1:19:04]} 12. Qe2 {[%clk 1:23:51]} Qe6 {[%clk 1:16:40]} 13.
Nc3 {[%clk 1:21:43]} h5 {[%clk 1:16:18]} 14. Re1 {[%clk 1:18:50]} Rdg8 {[%clk
1:15:15]} 15. Qf3 {[%clk 1:17:59]} Nd7 {[%clk 1:12:54]} 16. Bd2 {[%clk 1:15:36]}
Ne5 {[%clk 1:12:11]} 17. Qf4 {[%clk 1:15:04]} Bd6 {[%clk 1:10:47]} 18. Qe3 {[%clk
1:12:37]} Kb8 {[%clk 1:09:26]} 19. Kf1 {[%clk 1:11:10]} f5 {[%clk 1:06:05]} 20.
exf5 {[%clk 1:10:11]} gxf5 {[%clk 1:05:00]} 21. h4 {[%clk 1:06:59]} Qf6 {[%clk
1:04:11]} 22. g3 {[%clk 1:05:12]} Ng4 {[%clk 1:04:22]} 23. Qe2 {[%clk 1:03:25]}
f4 {[%clk 0:59:57]} 24. Kg2 {[%clk 1:01:58]} fxg3 {[%clk 0:56:13]} 25. fxg3
{[%clk 1:02:05]} Ne3+ {[%clk 0:53:39]} 26. Bxe3 {[%clk 1:00:09]} Rxg3+ {[%clk
0:53:52]} 27. Kh1 {[%clk 1:00:28]} Qxh4+ {[%clk 0:53:37]} 28. Qh2 {[%clk
1:00:42]} Rh3 {[%clk 0:53:12]} 29. Qxh3 {[%clk 1:00:48]} Qxh3+ {[%clk 0:53:34]}
30. Kg1 {[%clk 1:01:13]} Qh2+ {[%clk 0:53:28]} 31. Kf1 {[%clk 1:01:30]} Rf8+
{[%clk 0:53:37]} 32. Bf2 {[%clk 1:01:46]} Qxf2# {[%clk 0:53:49]} 0-1

[Event "Girls U12 Polish Youth Championship"]
[Site "chess24.com"]
[Date "2018.05.02"]
[Round "5"]
[White "Pudelko, Magdalena"]
[Black "Kuczynska, Katarzyna"]
[Result "1-0"]
[Board "20"]
[WhiteElo "1241"]
[WhiteCountry "POL"]
[WhiteFideId "21839093"]
[WhiteEloChange "7"]
[BlackElo "1131"]
[BlackCountry "POL"]
[BlackFideId "21806390"]
[BlackEloChange "-7"]

1. e4 {[%clk 1:30:58]} c5 {[%clk 1:30:56]} 2. Nf3 {[%clk 1:31:14]} d6 {[%clk
1:31:20]} 3. d4 {[%clk 1:31:42]} cxd4 {[%clk 1:31:39]} 4. Nxd4 {[%clk 1:31:59]}
Nf6 {[%clk 1:31:42]} 5. Nc3 {[%clk 1:32:24]} a6 {[%clk 1:31:25]} 6. Bg5 {[%clk
1:32:45]} e6 {[%clk 1:30:58]} 7. f4 {[%clk 1:33:10]} Be7 {[%clk 1:30:08]} 8. Qf3
{[%clk 1:33:13]} Nbd7 {[%clk 1:27:35]} 9. O-O-O {[%clk 1:33:23]} Qc7 {[%clk
1:26:25]} 10. Kb1 {[%clk 1:33:01]} b5 {[%clk 1:26:23]} 11. g4 {[%clk 1:33:03]}
Bb7 {[%clk 1:25:53]} 12. Bxf6 {[%clk 1:32:05]} Bxf6 {[%clk 1:24:11]} 13. g5
{[%clk 1:32:16]} Bxd4 {[%clk 1:22:29]} 14. Rxd4 {[%clk 1:32:33]} Rc8 {[%clk
1:18:26]} 15. Qf2 {[%clk 1:25:10]} Nc5 {[%clk 1:10:03]} 16. Bxb5+ {[%clk
1:23:10]} Ke7 {[%clk 1:01:22]} 17. Bf1 {[%clk 1:21:19]} Rb8 {[%clk 0:59:05]} 18.
a3 {[%clk 1:20:48]} Qb6 {[%clk 0:56:03]} 19. Rb4 {[%clk 1:21:04]} Qc6 {[%clk
0:55:01]} 20. Bg2 {[%clk 1:20:25]} a5 {[%clk 0:53:03]} 21. Rc4 {[%clk 1:15:52]}
Ba6 {[%clk 0:50:57]} 22. Rd4 {[%clk 1:14:52]} Qb6 {[%clk 0:42:06]} 23. Nd1 {[%clk
1:14:34]} Bc8 {[%clk 0:39:10]} 24. f5 {[%clk 1:13:29]} exf5 {[%clk 0:35:55]} 25.
exf5 {[%clk 1:13:50]} Bd7 {[%clk 0:32:51]} 26. f6+ {[%clk 1:12:34]} Kd8 {[%clk
0:32:47]} 27. fxg7 {[%clk 1:11:22]} Re8 {[%clk 0:31:26]} 28. Qxf7 {[%clk
1:07:31]} Na4 {[%clk 0:28:50]} 29. Rxa4 {[%clk 1:06:18]} Bxa4 {[%clk 0:28:54]}
30. g8Q {[%clk 1:06:12]} 1-0